<?xml version="1.0" encoding="UTF-8"?>
<collection xmlns="http://www.loc.gov/MARC21/slim">
    <record>
        <controlfield tag="001">63454</controlfield>
        <controlfield tag="005">20171214115134.0</controlfield>
        <datafield tag="024" ind1="8" ind2=" ">
            <subfield code="2">sideral</subfield>
            <subfield code="a">102327</subfield>
        </datafield>
        <datafield tag="037" ind1=" " ind2=" ">
            <subfield code="a">ART-2015-102327</subfield>
        </datafield>
        <datafield tag="041" ind1=" " ind2=" ">
            <subfield code="a">spa</subfield>
        </datafield>
        <datafield tag="100" ind1=" " ind2=" ">
            <subfield code="0">(orcid)0000-0002-4225-2279</subfield>
            <subfield code="a">Navarro Espinach, Germán</subfield>
            <subfield code="u">Universidad de Zaragoza</subfield>
        </datafield>
        <datafield tag="245" ind1=" " ind2=" ">
            <subfield code="a">Corporaciones de oficio y desarrollo económico en la Corona de Aragón, 1350-1550.</subfield>
        </datafield>
        <datafield tag="260" ind1=" " ind2=" ">
            <subfield code="c">2015</subfield>
        </datafield>
        <datafield tag="506" ind1="0" ind2=" ">
            <subfield code="a">Access copy available to the general public</subfield>
            <subfield code="f">Unrestricted</subfield>
        </datafield>
        <datafield tag="520" ind1="3" ind2=" ">
            <subfield code="a">La historia de la Corona de Aragón durante los siglos XIV-XVI vive una fuerte renovación de estudios sobre desarrollo económico y cambio institucional. Las corporaciones de oficios están comenzando a ser vistas como instituciones muy flexibles según los diver-sos sectores de producción, las áreas geográficas y la coyuntura histórica. La investigación sobre la industria textil en las ciudades, pero también en numerosas áreas rurales, ha identi-ficado abundantes cofradías y oficios. Uno de los ejemplos más importantes es el Arte de la Seda de Valencia, estudiado a partir de metodología prosopográfica usando numerosas fuentes documentales: corporativas, municipales, notariales, privilegios, ordenanzas, empresas, negocios.   

The Crown of Aragon during 14th-16th centuries underwent a significant renewal of studies concerning economic development and institutional change. Craft guilds are beginning to be seen as highly flexible institutions depending on the diverse sectors of production, the geographical areas and historical time. The research about textile industry in cities, but also in numerous rural areas, has shown a lot of confraternities and craft guilds. One of the most important examples is the Silk Art of Valencia, which has been studied based on a prosopographic methodology using in turn further available documentary information such as: municipal, notarial, privileges, ordinances, enterprise and business sources.</subfield>
        </datafield>
        <datafield tag="536" ind1=" " ind2=" ">
            <subfield code="9">info:eu-repo/grantAgreement/ES/MICINN/HAR2011-28861</subfield>
        </datafield>
        <datafield tag="540" ind1=" " ind2=" ">
            <subfield code="9">info:eu-repo/semantics/openAccess</subfield>
            <subfield code="a">by-nc-nd</subfield>
            <subfield code="u">http://creativecommons.org/licenses/by-nc-nd/3.0/es/</subfield>
        </datafield>
        <datafield tag="655" ind1=" " ind2="4">
            <subfield code="a">info:eu-repo/semantics/article</subfield>
            <subfield code="v">info:eu-repo/semantics/publishedVersion</subfield>
        </datafield>
        <datafield tag="710" ind1="2" ind2=" ">
            <subfield code="1">3008</subfield>
            <subfield code="2">485</subfield>
            <subfield code="a">Universidad de Zaragoza</subfield>
            <subfield code="b">Departamento de Historia Medieval,Ciencias y Técnicas Historiográficas y Estudios Árabes e Islámicos</subfield>
            <subfield code="c">Historia Medieval</subfield>
        </datafield>
        <datafield tag="773" ind1=" " ind2=" ">
            <subfield code="g">34 (2015), 21-31</subfield>
            <subfield code="p">Áreas (Murcia)</subfield>
            <subfield code="t">Áreas (Murcia)</subfield>
            <subfield code="x">0211-6707</subfield>
        </datafield>
        <datafield tag="856" ind1="4" ind2=" ">
            <subfield code="s">471923</subfield>
            <subfield code="u">http://zaguan.unizar.es/record/63454/files/texto_completo.pdf</subfield>
            <subfield code="y">Versión publicada</subfield>
        </datafield>
        <datafield tag="856" ind1="4" ind2=" ">
            <subfield code="s">62760</subfield>
            <subfield code="u">http://zaguan.unizar.es/record/63454/files/texto_completo.jpg?subformat=icon</subfield>
            <subfield code="x">icon</subfield>
            <subfield code="y">Versión publicada</subfield>
        </datafield>
        <datafield tag="909" ind1="C" ind2="O">
            <subfield code="o">oai:zaguan.unizar.es:63454</subfield>
            <subfield code="p">articulos</subfield>
            <subfield code="p">driver</subfield>
        </datafield>
        <datafield tag="951" ind1=" " ind2=" ">
            <subfield code="a">2017-12-13-12:07:54</subfield>
        </datafield>
        <datafield tag="980" ind1=" " ind2=" ">
            <subfield code="a">ARTICLE</subfield>
        </datafield>
    </record>

    
</collection>